Statutes of the djamiat Muhammadijah. (Record no. 89463)

MARC details
000 -LEADER
fixed length control field 00638cam a2200229 4500
001 - CONTROL NUMBER
control field sa 68020503
003 - CONTROL NUMBER IDENTIFIER
control field DLC
005 - DATE AND TIME OF LATEST TRANSACTION
control field 20260227112725.0
008 - FIXED-LENGTH DATA ELEMENTS--GENERAL INFORMATION
fixed length control field 740404s1958 io 00010 eng
010 ## - LIBRARY OF CONGRESS CONTROL NUMBER
LC control number sa 68020503 //r832
025 ## - OVERSEAS ACQUISITION NUMBER
Overseas acquisition number PL480:Indo-6402
041 1# - LANGUAGE CODE
Language code of text/sound track or separate title engund
050 0# - LIBRARY OF CONGRESS CALL NUMBER
Classification number BP10
Item number .M82213
110 20 - MAIN ENTRY--CORPORATE NAME
Corporate name or jurisdiction name as entry element Muhammadiyah (Organization)
240 10 - UNIFORM TITLE
Uniform title Anggaran dasar.
Language of a work English
245 00 - TITLE STATEMENT
Title Statutes of the djamiat Muhammadijah.
250 ## - EDITION STATEMENT
Edition statement 1st English ed.
260 0# - PUBLICATION, DISTRIBUTION, ETC.
Place of publication, distribution, etc. Jogjakarta,
Name of publisher, distributor, etc. Usaha Faida,
Date of publication, distribution, etc. 1958.
300 ## - PHYSICAL DESCRIPTION
Extent 7 p.
Dimensions 21 cm.
500 ## - GENERAL NOTE
General note Translation of Anggaran dasar.
610 20 - SUBJECT ADDED ENTRY--CORPORATE NAME
Corporate name or jurisdiction name as entry element Muhammadiyah (Organization)

No items available.

Powered by Koha